00597nam a2200145Ia 4500008004100000020001800041100002800059245010200087260002200189650008100211650002200292856004500314999001900359952007300378171212s9999 xx 000 0 und d a9781925021042 aAurelia George Mulgan,  cAurelia George Mulgan, aJapan’s Failed RevolutionbKoizumi and the Politics of Economic Reform bANU E Pressc2013 aJapan -- Politics and government -- 1989-; Japan -- Economic policy -- 1989- aPolitical Science uwww.jstor.org/stable/10.2307/j.ctt31ngnn c351176d351176 001040aCLbCLd2017-12-12l0r2017-12-12 00:00:00w2017-12-12yCBE